|
|
|
|
| LEADER |
00000ny a22000003n 4500 |
| 005 |
20110628105329.0 |
| 006 |
m u |
| 007 |
cr cn||||||||| |
| 008 |
200508r2005 sp |||||s|||||||||||spa d |
| 020 |
|
|
|a 9788497722124
|
| 035 |
|
|
|a 590
|
| 040 |
|
|
|a FlNmELB
|c FlNmELB
|d vLex
|
| 050 |
|
|
|a K5101
|b C965 2003eb
|
| 080 |
|
|
|a 343.3/.7
|
| 090 |
|
|
|c 1150
|d 1150
|
| 100 |
1 |
|
|a Cuesta Aguado, Paz M. de la
|
| 245 |
1 |
0 |
|a Culpabilidad
|h [Recurso electrn̤ico]
|b exigibilidad y razones para la exculpacion /
|c Paz M. de la. Cuesta Aguado
|
| 256 |
|
|
|a Servicio en ln̕ea
|
| 260 |
|
|
|a Madrid :
|b Dykinson,
|c 2005
|
| 300 |
|
|
|a [7]-259 p
|
| 506 |
1 |
|
|a Contenido solo disponible en los productos indicados
|d vLex Global
|d vLex Global (Academic Edition, excluding Law Schools)
|d vLex Global (U.S. Academic Edition, Law Schools)
|d vLex Global (U.S. Academic Edition, excluding Law Schools)
|d vLex Global (Academic Edition, Law Schools)
|
| 650 |
0 |
7 |
|a Penal
|2 Tesauro vLex
|
| 650 |
0 |
7 |
|2 Tesauro vLex
|a Culpabilidad
|
| 650 |
0 |
7 |
|2 Tesauro vLex
|a Declaracin̤ de culpabilidad
|
| 650 |
0 |
7 |
|2 Tesauro vLex
|a Principio de culpabilidad
|
| 740 |
0 |
|
|a vLex Libros (Servicios en ln̕ea)
|
| 856 |
4 |
0 |
|z Acceso restringido
|u http://vlex.com/source/590
|
| 942 |
|
|
|c BOOK
|